Catálogo público

Efecto de pseudomonas sp. y bacillus sp. en el control del manchado de cálices (Corynespora casiicola) en el cultivo de jamaica (Hibiscus sabclariffa L.) en Tecoanapa Guerrero, México / (Record no. 220072)

MARC details
000 -CABECERA
campo de control de longitud fija 03364nam a22003257a 4500
003 - IDENTIFICADOR DEL NÚMERO DE CONTROL
campo de control OSt
005 - FECHA Y HORA DE LA ÚLTIMA TRANSACCIÓN
campo de control 20240817002658.0
007 - CAMPO FIJO DE DESCRIPCIÓN FÍSICA--INFORMACIÓN GENERAL
campo de control de longitud fija cr ||||||a|c|a
008 - DATOS DE LONGITUD FIJA--INFORMACIÓN GENERAL
campo de control de longitud fija 240813s2022 mx a|||fom||| 001 0 spa d
040 ## - FUENTE DE LA CATALOGACIÓN
Normas de descripción rda
100 1# - ENTRADA PRINCIPAL--NOMBRE DE PERSONA
Nombre de persona Hernández Vázquez, Amanda Xitlali
9 (RLIN) 189413
245 1# - MENCIÓN DE TÍTULO
Título Efecto de pseudomonas sp. y bacillus sp. en el control del manchado de cálices (Corynespora casiicola) en el cultivo de jamaica (Hibiscus sabclariffa L.) en Tecoanapa Guerrero, México /
Mención de responsabilidad, etc. por Amanda Xitlali Hernández Vázquez; presidente Santos Gerardo Leyva Mir; secretario Javier Hernández Morales; vocal Manuel Sandoval Villa; suplente Dimas Mejía Sánchez; suplente Calixto Leopoldo Carrillo Fonseca
264 #1 - PRODUCCIÓN, PUBLICACIÓN, DISTRIBUCIÓN, FABRICACIÓN Y COPYRIGHT
Producción, publicación, distribución, fabricación y copyright Chapingo, México :
Nombre del de productor, editor, distribuidor, fabricante El autor,
Fecha de producción, publicación, distribución, fabricación o copyright 2022.
300 ## - DESCRIPCIÓN FÍSICA
Extensión 1 recurso en línea (46 páginas):
Otras características físicas Ilustraciones, cuadros
336 ## - TIPO DE CONTENIDO
Fuente rdacontent
Término de tipo de contenido texto
Código de tipo de contenido txt
337 ## - TIPO DE MEDIO
Fuente rdamedia
Nombre/término del tipo de medio computadora
Código del tipo de medio c
338 ## - TIPO DE SOPORTE
Fuente rdacarrier
Nombre/término del tipo de soporte recurso en línea
Código del tipo de soporte cr
502 ## - NOTA DE TESIS
Tipo de título Ingeniero Agrónomo Especialista en Parasitología Agrícola
Nombre de la institución que otorga el título Departamento de Enseñanza, Investigación y Servicio en Parasitología Agrícola,
Año de obtención del título 2022
Información miscelánea Licenciatura
504 ## - NOTA DE BIBLIOGRAFÍA, ETC.
Nota de bibliografía, etc. Incluye referencias bibliográficas: páginas 41-46
520 ## - SUMARIO, ETC.
Sumario, etc. En esta investigación se llevó a cabo un experimento para validar en campo los tratamientos de manejo fitosanitario que probaron controlar las enfermedades ocasionadas por el patógeno Corynespora cassiicola (Berk. & M.A. Curtis) en la investigación establecida en invernadero durante el 2020, para el cultivo de Jamaica combinada con maíz y comparar estos tratamientos con las recomendaciones locales en cada caso. La investigación en campo se estableció en Tecoanapa, Guerrero; en este experimento se evaluó el efecto de la aplicación de organismos biológicos (bacterias antagonistas) sobre la severidad del manchado del cáliz (Corynespora cassiicola) en jamaica (Hibuscus sabdariffa L.), al igual que el registro de otras variables agronómicas y fisiológicas por efecto de este hongo patógeno. Las bacterias Bacillus sp y Pseudomonas sp, que fueron aplicadas de manera foliar a las plantas establecidas en el experimento de campo como antagonistas del manchado de cálices de jamaica, mostraron resultados prometedores en la inducción de tolerancia hacia dicha enfermedad. Los tratamientos de bacterias aplicadas de modo individual ayudaron a tener un mejor desarrollo y tolerancia al manchado de cálices respecto al testigo no aplicado, sin embargo, estadísticamente, el mejor tratamiento fue la aplicación de la combinación de bacterias Bacillus sp + Pseudomonas sp. Además, las bacterias antes mencionadas que fueron aplicadas en las plantas, mostraron evidencia de actuar como promotoras del crecimiento en el cultivo, ya que en los resultados de altura de la planta, número de ramas, así como también la cantidad de follaje, fue mayor respecto al testigo no aplicado.
650 #2 - PUNTO DE ACCESO ADICIONAL DE MATERIA--TÉRMINO DE MATERIA
Término de materia o nombre geográfico como elemento de entrada Hongos fitopatógenos
Subdivisión general Control biológico
9 (RLIN) 134760
650 #7 - PUNTO DE ACCESO ADICIONAL DE MATERIA--TÉRMINO DE MATERIA
Término de materia o nombre geográfico como elemento de entrada Jamaica
Subdivisión general Enfermedades por hongos
9 (RLIN) 60990
700 1# - PUNTO DE ACCESO ADICIONAL--NOMBRE DE PERSONA
Nombre de persona Leyva Mir, Santos Gerardo
Término indicativo de función/relación presidente
9 (RLIN) 66581
700 1# - PUNTO DE ACCESO ADICIONAL--NOMBRE DE PERSONA
Nombre de persona Hernández Morales, Javier
9 (RLIN) 54375
Término indicativo de función/relación secretario
700 1# - PUNTO DE ACCESO ADICIONAL--NOMBRE DE PERSONA
Nombre de persona Sandoval Villa, Manuel
9 (RLIN) 102177
Término indicativo de función/relación vocal
700 1# - PUNTO DE ACCESO ADICIONAL--NOMBRE DE PERSONA
Nombre de persona Mejía Sánchez, Dimas
9 (RLIN) 74288
Término indicativo de función/relación suplente
700 1# - PUNTO DE ACCESO ADICIONAL--NOMBRE DE PERSONA
Nombre de persona Carrillo Fonseca, Calixto Leopoldo
9 (RLIN) 19482
Término indicativo de función/relación suplente
856 ## - LOCALIZACIÓN Y ACCESO ELECTRÓNICOS
Identificador Uniforme del Recurso http://10.13.5.2/tesis/tl/1511054-4_Hernandez_Vazquez_Amanda_X.pdf
Nota pública DESCARGAR PDF
942 ## - ELEMENTOS DE PUNTO DE ACCESO ADICIONAL (KOHA)
Fuente del sistema de clasificación o colocación Clasificación Universidad Autónoma Chapingo
Tipo de ítem Koha Tesis digital
Holdings
Estado de retiro Estado de pérdida Fuente del sistema de clasificación o colocación Estado dañado Restricciones de uso No para préstamo Código de colección Localización permanente Ubicación/localización actual Ubicación en estantería Fecha de adquisición Total de préstamos Signatura topográfica completa Fecha visto por última vez Precio válido a partir de Tipo de ítem Koha
    Clasificación Universidad Autónoma de Chapingo   Préstamo interno   Tesis digitales de Licenciatura Biblioteca Digital Biblioteca Digital En línea 13/08/2024   Tesis digital 13/08/2024 13/08/2024 Tesis digital